000 00236 a2200097 4500
020 _a‎ 9780727735249
100 _aICE
245 _aCivil Engineering Procedure
250 _asixth edition
260 _bInstitution of Civil Engineers
_c2009
999 _c13491
_d13491